000 00741nam a2200181 a 4500
008 150331s1994 ||||||||||||||||| || u
050 _aGOV.ZAM(05)QEES/1994
110 _aGovernment of the Republic of Zambia (GRZ)
245 1 0 _aQuarterly employment and earnings statistics
260 _aLusaka
_bCentral Statistical Office (CSO)-Zambia
_c1994
300 _a18p.: ill.
350 _a0.00
362 1 _aAlso available is 1994
650 _aINCOME DISTRIBUTION--ZAMBIA
650 _aEMPLOYMENT--ZAMBIA
710 _aGovernment of the Republic of Zambia. Central Statistical Office
995 _FCBU-MAIN LIBRARY (Kitwe)
_I0.00
_M1
_UAVAILABLE
_WMar 31, 2015
_ZZambiana Collection
999 _c55494
_d55494